|
|
|
|
| LEADER |
01488nam a2200277 a 4500 |
| 001 |
GR-Antirio1134 |
| 008 |
150302s2008 nju g 000 0 eng d |
| 020 |
|
|
|a 013236039X
|
| 020 |
|
|
|a 9780132360395
|
| 040 |
|
|
|a GrPaTEI
|b gre
|c GR-PaULI
|
| 040 |
|
|
|a GrPaTEI
|b gre
|c GR-PaULI
|
| 082 |
|
0 |
|a 005.432
|2 22
|
| 100 |
1 |
|
|a Sobell, Mark G.
|
| 245 |
1 |
2 |
|a A practical guide to Ubuntu Linux /
|c Mark G. Sobell.
|
| 260 |
|
|
|a Upper Saddle River, NJ :
|b Prentice Hall,
|c 2008
|
| 300 |
|
|
|a xIv, 1141 σ. :
|b εικ. +
|e 1 dvd-rom
|
| 500 |
|
|
|a Περιλαμβάνει ευρετήριο.
|
| 650 |
|
0 |
|a Linux
|
| 650 |
|
0 |
|a Operating systems (Computers)
|
| 650 |
|
4 |
|a Ηλεκτρονικοί υπολογιστές
|x Λειτουργικά συστήματα
|
| 942 |
|
|
|2 ddc
|
| 952 |
|
|
|0 0
|1 0
|2 ddc
|4 0
|6 005_432000000000000_SOB
|7 0
|9 263007
|a LISK-2
|b LISK-2
|c BSC
|d 2021-01-17
|e 24
|f 0
|g 0.00
|l 0
|o 005.432 SOB
|p 2430000008790
|r 2021-01-17 00:00:00
|t 1
|w 2021-01-17
|y BK15
|x 20150302 0 ΧΑΣΑΝΗ 1
|x GrPaTEI - Antirrio
|
| 952 |
|
|
|0 0
|1 0
|2 ddc
|4 0
|6 005_432000000000000_SOB
|7 0
|9 263008
|a LISK-2
|b LISK-2
|c BSC
|d 2021-01-17
|e 24
|f 0
|g 0.00
|l 0
|o 005.432 SOB
|p 2430000008791
|r 2021-01-17 00:00:00
|t 1
|w 2021-01-17
|y BK15
|x 20150302 0 ΧΑΣΑΝΗ 1
|x GrPaTEI - Antirrio
|
| 952 |
|
|
|0 0
|1 0
|2 ddc
|4 0
|6 005_432000000000000_SOB
|7 0
|9 263009
|a LISK-2
|b LISK-2
|c BSC
|d 2021-01-17
|e 24
|f 0
|g 0.00
|l 0
|o 005.432 SOB
|p 99243000008792
|r 2021-01-17 00:00:00
|t 1
|w 2021-01-17
|y BK15
|x GrPaTEI - Antirrio
|
| 971 |
|
|
|a .b25709331
|b 15-04-20
|c 12-09-16
|
| 999 |
|
|
|c 151460
|d 151460
|